000 01450cam a22002891i 4500
003 SA-RiAUC
005 20241217092755.0
008 241216s2003 su g 000 0dara c
040 _aSA-MaUQU
_bara
_cSA-RiAUC
_erda
082 0 4 _a237.3
_qSA-RiAUC
090 _a237.3
_bع ل و
100 1 _aعلوش، عبد السلام بن محمد بن عمر
_eمؤلف.
245 1 0 _aعمدة التقي في الفصل بين ابن التركماني والبيهقي ؛
_bومعه، رسالة بلوغ النبوغ بشرح حديث الولوغ /
_cأبو عبد الله عبد السلام بن محمد بن عمر علوش.
250 _aالطبعة الأولى.
264 1 _aالرياض :
_bمكتبة الرشد،
_c2003
300 _a436 صفحة ؛
_c24 سم
336 _aنص
_btxt
_2rdacontent
_3كتاب
337 _aبدون وسيط
_bn
_2rdamedia
338 _aمجلد
_bnc
_2rdacarrier
600 1 7 _aالبيهقي، أحمد بن الحسين بن علي،
_d384-458 هجري
_2aucnm
600 1 7 _aابن التركماني، علي بن عثمان بن إبراهيم،
_d683-750 هجري
_2aucnm
650 7 _aالحديث
_xجوامع الفنون
_2aucsh
650 7 _aالحديث
_xشرح
_2aucsh
700 1 2 _iمع (عمل) :
_aعلوش، عبد السلام بن محمد بن عمر
_tرسالة بلوغ النبوغ بشرح حديث الولوغ
942 _2ddc
_cBOOK
_n0
949 _aSA-JeALM
_d241216
_umohamedma123
_n1
999 _c3599
_d3599